La Cuina dels llegums /
ISBN:
9788498037975
Descripción Física:
351 pàgines : il·lustracions en color ; 26 cm
Idioma:
Catalán , Español
MARC
| LEADER | 00000nam a2200000 i 4500 | ||
|---|---|---|---|
| 001 | 26334 | ||
| 005 | 20260324181135.0 | ||
| 008 | 180124s2017 spc|||| ||||o0|1 0 cat| | ||
| 017 | |a DL B 14180-2017 |b Biblioteca de Catalunya | ||
| 020 | |a 9788498037975 | ||
| 041 | 1 | |a cat |h spa | |
| 080 | |a Bib-858 | ||
| 130 | 0 | |a Cocina de las legumbres. |l Català | |
| 245 | 1 | 3 | |a La Cuina dels llegums / |c Fundació Alícia ; fotografies: Andrea Resmini ; traducció: Núria Parés Sellarès |
| 264 | 1 | |a Barcelona : |b Diputació de Barcelona : |b Planeta Gastro, |c [2017] | |
| 300 | |a 351 pàgines : |b il·lustracions en color ; |c 26 cm | ||
| 336 | |a text |b txt |2 rdacontent | ||
| 337 | |a sense mediació |b n |2 rdamedia | ||
| 338 | |a volum |b nc |2 rdacarrier | ||
| 500 | |a Títol original: La cocina de las legumbres | ||
| 504 | |a Índexs | ||
| 650 | 0 | |a Cuina |2 Arxiu |9 38788 | |
| 650 | 0 | |a Llegums |2 lemac |9 54016 | |
| 710 | 2 | |a Fundació Alícia |e editor literari |9 51850 | |
| 710 | 1 | |a Barcelona (Catalunya : Província). |b Diputació |9 52408 | |
| 908 | |a BC | ||
| 940 | |a BC | ||
| 942 | |2 udc |c ARXIU |n 1 | ||
| 952 | |0 0 |1 0 |4 0 |6 BIB858 |7 1 |9 63101 |a Arxiu |b Arxiu |d 2022-07-25 |l 0 |o Bib-858 |p 26334 |r 2022-07-25 00:00:00 |w 2022-07-25 |y ARXIU | ||
| 999 | |c 82434 |d 82434 | ||